00830naa a2200193 i 45000010005000000030009000050050017000140080039000310400021000700800015000910800012001061000168001182450057002866500041003436500019003847730205004039420013006089990015006219922KOSZ 00520180412092053.0120618s2012 pl f f |000 p pol cBPKdKOSZ 005/EG a005:004.03 a(075.8)1 aKOWALCZUK, Jan.bWydział Ekonomii i Zarządzania - Politechnika Koszalińska,cKatedra Metod Ilościowych Zakład Zastosowań Informatyki w Ekonomiid2000 - .10aAlgorytmy i podstawy programowania /cJan Kowalczuk. 0aSystemy informatyczne zarządzania. 0aProgramowanie. iW :tInformatyka dla kadry kierowniczej przedsiębiorstwa : podręcznik akademicki / pod red. Eugeniusza Michalskiego. -dKoszalin : Wydaw. Uczelniane Politechniki Koszalińskiej, 2012. -gs. 67-99 cROZ2UKD c9922d9922